[Event "Belgrade Beopromet"]
[Site "Belgrade"]
[Date "1993.??.??"]
[Round "3"]
[White "Velimirovic, Dragoljub"]
[Black "Ciric, Dragoljub"]
[Result "1-0"]
[WhiteElo "2510"]
[BlackElo "2395"]
[PlyCount "91"]
[EventDate "1993.03.??"]
[EventType "tourn"]
[EventRounds "11"]
[EventCountry "YUG"]
[EventCategory "7"]
[Source "ChessBase"]
[SourceDate "1993.09.01"]
[WhiteTeamCountry "YUG"]
[BlackTeamCountry "YUG"]

1. e4 c6 2. d4 d5 3. exd5 cxd5 4. c4 Nf6 5. Nc3 e6 6. Nf3 Be7 7. cxd5 Nxd5 8.
Bd3 O-O 9. O-O Nf6 10. Ne5 Nc6 11. Be3 Nxe5 12. dxe5 Nd7 13. Bd4 Bc5 14. Bc2 b6
15. Qd3 g6 16. Rad1 Bb7 17. Bxc5 Nxc5 18. Qg3 Qe7 19. b4 Na6 20. a3 Rac8 21.
Ne4 Bxe4 22. Bxe4 Rfd8 23. Rd6 Nc7 24. Bb7 Rb8 25. Bc6 Ne8 26. Bxe8 Qxe8 27.
Rfd1 Rxd6 28. exd6 Qd7 29. h4 h5 30. b5 Kg7 31. Qc3+ f6 32. Qc6 Rd8 33. f4 Kf7
34. a4 Ke8 35. Kf2 Rc8 36. Qe4 Kf7 37. Rd3 Rc5 38. Rd2 Kg7 39. Kg1 Kf7 40. Kh2
Kg7 41. Qc6 Qd8 42. Qb7+ Kh6 43. Qe7 Qb8 44. Qxe6 f5 45. Qf6 Rc4 46. Re2 1-0

[Event "Belgrade Beopromet"]
[Site "Belgrade"]
[Date "1993.??.??"]
[Round "4"]
[White "Poluljahov, Aleksandr"]
[Black "Velimirovic, Dragoljub"]
[Result "0-1"]
[WhiteElo "2515"]
[BlackElo "2510"]
[PlyCount "44"]
[EventDate "1993.03.??"]
[EventType "tourn"]
[EventRounds "11"]
[EventCountry "YUG"]
[EventCategory "7"]
[Source "ChessBase"]
[SourceDate "1993.09.01"]
[WhiteTeamCountry "YUG"]
[BlackTeamCountry "YUG"]

1. e4 c5 2. Nf3 Nc6 3. Bb5 g6 4. Bxc6 bxc6 5. O-O Bg7 6. Re1 Nh6 7. c3 O-O 8.
d4 cxd4 9. cxd4 d5 10. e5 f6 11. Nbd2 g5 12. h3 g4 13. hxg4 Nxg4 14. b3 fxe5
15. dxe5 Qb6 16. Re2 Ba6 17. Ba3 Bxe2 18. Qxe2 Rf5 19. Rc1 Nxe5 20. Bc5 Qb5 21.
Qe3 Qd3 22. Qe1 Raf8 0-1

[Event "Belgrade Beopromet"]
[Site "Belgrade"]
[Date "1993.??.??"]
[Round "5"]
[White "Velimirovic, Dragoljub"]
[Black "Vaulin, Alexander"]
[Result "0-1"]
[WhiteElo "2510"]
[BlackElo "2515"]
[PlyCount "73"]
[EventDate "1993.03.??"]
[EventType "tourn"]
[EventRounds "11"]
[EventCountry "YUG"]
[EventCategory "7"]
[Source "ChessBase"]
[SourceDate "1993.09.01"]
[WhiteTeamCountry "YUG"]
[BlackTeamCountry "YUG"]

1. e4 c5 2. Nf3 d6 3. d4 cxd4 4. Nxd4 Nf6 5. Nc3 a6 6. Bc4 e6 7. Bb3 b5 8. Be3
Bb7 9. f4 Nbd7 10. O-O Rc8 11. Qe2 b4 12. e5 dxe5 13. fxe5 Nxe5 14. Rad1 Ned7
15. Na4 Qa5 16. Nxe6 fxe6 17. Bd4 e5 18. Nb6 Bc5 19. Nxd7 Nxd7 20. Rf7 Bxd4+
21. Rxd4 Bc6 22. Rd1 Rf8 23. Rxg7 Kd8 24. Be6 Rc7 25. Qe3 h6 26. Rd6 Qb5 27. h3
Qf1+ 28. Kh2 Qf4+ 29. Qxf4 Rxf4 30. Bg4 Bb5 31. Rxh6 Rxc2 32. Rd6 Rd4 33. Rxd4
exd4 34. h4 Bc6 35. Bf5 Rf2 36. Bd3 Ne5 37. Bxa6 0-1

[Event "Belgrade Beopromet"]
[Site "Belgrade"]
[Date "1993.??.??"]
[Round "6"]
[White "Nestorovic, Dejan"]
[Black "Velimirovic, Dragoljub"]
[Result "0-1"]
[WhiteElo "2350"]
[BlackElo "2510"]
[PlyCount "110"]
[EventDate "1993.03.??"]
[EventType "tourn"]
[EventRounds "11"]
[EventCountry "YUG"]
[EventCategory "7"]
[Source "ChessBase"]
[SourceDate "1993.09.01"]
[WhiteTeamCountry "YUG"]
[BlackTeamCountry "YUG"]

1. d4 Nf6 2. Nf3 g6 3. c4 Bg7 4. g3 O-O 5. Bg2 c5 6. d5 d6 7. O-O a6 8. Nc3 b5
9. cxb5 axb5 10. Nxb5 Ne4 11. Nd2 Nxd2 12. Qxd2 Ba6 13. Nc3 Qa5 14. Qc2 Nd7 15.
Bg5 Rfe8 16. Rfc1 h6 17. Bd2 Rec8 18. h4 h5 19. g4 hxg4 20. h5 gxh5 21. Qf5 Nf6
22. Ne4 Qb6 23. Nxf6+ exf6 24. Qxh5 Re8 25. Qxg4 Bxe2 26. Qg3 Kf8 27. Bc3 Ra4
28. Re1 Rg4 29. Qh3 f5 30. Rac1 Ree4 31. Rc2 Bxc3 32. Rcxe2 Rxe2 33. Rxe2 Bxb2
34. Qd3 Rg5 35. Qd2 Bf6 36. a4 c4 37. a5 Qb5 38. Kf1 c3 39. Qe3 Rh5 40. Kg1 c2
41. Rxc2 Qxa5 42. Rc8+ Kg7 43. Qe2 Qa1+ 44. Qf1 Qe5 45. Qd1 Rh4 46. Rc1 Bg5 47.
Rb1 Rg4 48. Kf1 Bh4 49. Qb3 Qh2 50. Qh3 Qf4 51. Qc3+ Kg6 52. f3 Qg3 53. Qc2 Rb4
54. Rd1 Rd4 55. Kg1 Bf6 0-1

[Event "Belgrade Beopromet"]
[Site "Belgrade"]
[Date "1993.??.??"]
[Round "7"]
[White "Velimirovic, Dragoljub"]
[Black "Ostojic, Nikola"]
[Result "0-1"]
[WhiteElo "2510"]
[BlackElo "2445"]
[PlyCount "75"]
[EventDate "1993.03.??"]
[EventType "tourn"]
[EventRounds "11"]
[EventCountry "YUG"]
[EventCategory "7"]
[Source "ChessBase"]
[SourceDate "1993.09.01"]
[WhiteTeamCountry "YUG"]
[BlackTeamCountry "YUG"]

1. e4 e5 2. Nf3 Nc6 3. c3 Nf6 4. d4 d5 5. Bb5 exd4 6. e5 Ne4 7. Nxd4 Bd7 8.
Bxc6 bxc6 9. O-O c5 10. Nb3 Bb5 11. Re1 Be7 12. f3 Ng5 13. Bxg5 Bxg5 14. Nxc5
Bh4 15. g3 Be7 16. Qd4 O-O 17. Nd2 a5 18. a4 Bc6 19. b4 axb4 20. cxb4 Bxc5 21.
bxc5 Qd7 22. a5 Ra6 23. Nb3 Rd8 24. Qh4 d4 25. Rad1 d3 26. Re3 Bb5 27. Qb4 c6
28. Re4 Rda8 29. Rde1 Qd5 30. Kg2 h6 31. R1e3 Rxa5 32. Nxa5 d2 33. Rd4 d1=Q 34.
Rxd1 Qxd1 35. Re1 Qc2+ 36. Kg1 Rd8 37. Nb3 Qb2 38. e6 0-1

[Event "Belgrade Beopromet"]
[Site "Belgrade"]
[Date "1993.??.??"]
[Round "8"]
[White "Zontakh, Andrey"]
[Black "Velimirovic, Dragoljub"]
[Result "1/2-1/2"]
[WhiteElo "2455"]
[BlackElo "2510"]
[PlyCount "75"]
[EventDate "1993.03.??"]
[EventType "tourn"]
[EventRounds "11"]
[EventCountry "YUG"]
[EventCategory "7"]
[Source "ChessBase"]
[SourceDate "1993.09.01"]
[WhiteTeamCountry "YUG"]
[BlackTeamCountry "YUG"]

1. e4 c5 2. Nf3 Nc6 3. d4 cxd4 4. Nxd4 Nf6 5. Nc3 g6 6. Nxc6 bxc6 7. e5 Ng8 8.
Bc4 Bg7 9. Bf4 f5 10. Qf3 e6 11. O-O-O Qc7 12. h4 Rb8 13. Bb3 Rb4 14. Kb1 Rxf4
15. Qxf4 Bxe5 16. Qd2 Nf6 17. f3 O-O 18. g4 fxg4 19. fxg4 Nxg4 20. Rhg1 Nf6 21.
Qe2 d5 22. h5 Bxc3 23. bxc3 Ne4 24. Rd3 Qe5 25. Qe3 Ba6 26. Rd4 Rf3 27. Qxf3
Qxd4 28. cxd4 Nd2+ 29. Kb2 Nxf3 30. Rg4 Kg7 31. c3 Bd3 32. Rg3 Be4 33. hxg6
hxg6 34. Ba4 e5 35. Bxc6 exd4 36. cxd4 Nxd4 37. Bxd5 Bxd5 38. Rd3 1/2-1/2

[Event "Belgrade Beopromet"]
[Site "Belgrade"]
[Date "1993.??.??"]
[Round "9"]
[White "Velimirovic, Dragoljub"]
[Black "Knezevic, Milorad J"]
[Result "0-1"]
[WhiteElo "2510"]
[BlackElo "2415"]
[PlyCount "75"]
[EventDate "1993.03.??"]
[EventType "tourn"]
[EventRounds "11"]
[EventCountry "YUG"]
[EventCategory "7"]
[Source "ChessBase"]
[SourceDate "1993.09.01"]
[WhiteTeamCountry "YUG"]
[BlackTeamCountry "YUG"]

1. e4 e5 2. Nf3 Nc6 3. Bb5 Nf6 4. O-O Nxe4 5. d4 Be7 6. Qe2 Nd6 7. Bxc6 bxc6 8.
dxe5 Nb7 9. Nc3 O-O 10. Re1 Nc5 11. Nd4 Ne6 12. Be3 Rb8 13. Rab1 Nxd4 14. Bxd4
c5 15. Be3 d5 16. exd6 Bxd6 17. Qh5 Rb4 18. h3 Bb7 19. a3 Rh4 20. Qg5 Be7 21.
Qf5 g6 22. Qe5 Bd6 23. Bg5 Qd7 24. Rbd1 f6 25. Qxd6 cxd6 26. Bxh4 Re8 27. Rxe8+
Qxe8 28. Rxd6 g5 29. Bg3 f5 30. f3 Qe3+ 31. Bf2 Qc1+ 32. Rd1 Qxb2 33. Na4 Qxc2
34. Rd8+ Kf7 35. Nxc5 Bc6 36. Rc8 Qd1+ 37. Kh2 Qd6+ 38. Kg1 0-1

[Event "Belgrade Beopromet"]
[Site "Belgrade"]
[Date "1993.??.??"]
[Round "10"]
[White "Makarov, Marat"]
[Black "Velimirovic, Dragoljub"]
[Result "1/2-1/2"]
[WhiteElo "2515"]
[BlackElo "2510"]
[PlyCount "135"]
[EventDate "1993.03.??"]
[EventType "tourn"]
[EventRounds "11"]
[EventCountry "YUG"]
[EventCategory "7"]
[Source "ChessBase"]
[SourceDate "1993.09.01"]
[WhiteTeamCountry "YUG"]
[BlackTeamCountry "YUG"]

1. d4 Nf6 2. Nf3 c5 3. d5 g6 4. Nc3 Bg7 5. e4 O-O 6. Be2 d6 7. O-O Na6 8. Bf4
Nc7 9. a4 a6 10. Nd2 Bd7 11. a5 Nb5 12. Na4 Qxa5 13. Nxc5 Qc7 14. Nxd7 Nxd7 15.
c3 Na7 16. Nb3 Nc8 17. Nd4 Ncb6 18. Rc1 Rfc8 19. h4 Nf6 20. Bf3 Nc4 21. b3 Ne5
22. Bxe5 dxe5 23. Ne2 b5 24. Qd2 Qb6 25. Rc2 h5 26. Nc1 Rc7 27. Nd3 Rd8 28.
Nxe5 Nxe4 29. Qf4 Bxe5 30. Qxe5 Nc5 31. b4 Na4 32. Ra1 Qd6 33. Qxd6 exd6 34. c4
Rdc8 35. Be2 Kf8 36. Bf1 Nb6 37. Rxa6 Nxc4 38. g3 Ke7 39. Re2+ Kf8 40. Bh3 Re8
41. Rxe8+ Kxe8 42. Bf1 Ke7 43. Ra8 Rb7 44. Rc8 Kf6 45. Bxc4 bxc4 46. Rxc4 Ke5
47. Kf1 Kxd5 48. Rf4 Re7 49. Rf6 Ke5 50. Rf4 d5 51. Ke2 Ra7 52. Kd3 f5 53. Kc3
Rc7+ 54. Kd3 Rc1 55. Kd2 Ra1 56. Kc3 Kd6 57. Rd4 Ra2 58. Rf4 Ra8 59. Kc2 Kc6
60. Kc3 Kd6 61. Kc2 Ke5 62. Kc3 Rd8 63. Rd4 Rc8+ 64. Kd3 Rc1 65. f4+ Kd6 66.
Kd2 Rb1 67. Kc2 Re1 68. Kc3 1/2-1/2

[Event "Belgrade Beopromet"]
[Site "Belgrade"]
[Date "1993.??.??"]
[Round "11"]
[White "Velimirovic, Dragoljub"]
[Black "Damjanovic, Vladimir"]
[Result "1-0"]
[WhiteElo "2510"]
[BlackElo "2320"]
[PlyCount "133"]
[EventDate "1993.03.??"]
[EventType "tourn"]
[EventRounds "11"]
[EventCountry "YUG"]
[EventCategory "7"]
[Source "ChessBase"]
[SourceDate "1993.09.01"]
[WhiteTeamCountry "YUG"]
[BlackTeamCountry "YUG"]

1. e4 c5 2. Nf3 Nc6 3. d4 cxd4 4. Nxd4 Qb6 5. Nb3 Nf6 6. Nc3 e6 7. Bd3 a6 8.
Be3 Qc7 9. f4 d6 10. Qe2 b5 11. O-O-O Nd7 12. Rhe1 Be7 13. Nd5 exd5 14. exd5
Nde5 15. dxc6 Bg4 16. Qf2 Nxc6 17. Rd2 Be6 18. Bb6 Qc8 19. Nd4 O-O 20. Nxc6
Qxc6 21. f5 Bg5 22. Be3 Bxe3 23. Rxe3 Bc4 24. f6 Bxd3 25. Rexd3 d5 26. fxg7
Rfd8 27. Qf5 d4 28. Rh3 Qg6 29. Qxg6 hxg6 30. Rhd3 Re8 31. Rxd4 Kxg7 32. b3 Re6
33. Kb2 Rae8 34. c4 bxc4 35. Rxc4 Rh8 36. h3 f5 37. b4 Kf6 38. a4 g5 39. Kc3
Re3+ 40. Rd3 Rxd3+ 41. Kxd3 Ke5 42. Rc5+ Kf4 43. b5 axb5 44. axb5 Rf8 45. b6
Kg3 46. b7 Rb8 47. Rxf5 Rxb7 48. Rxg5+ Kf4 49. Rg8 Re7 50. h4 Re1 51. Rg5 Re8
52. g3+ Kf3 53. Kd4 Re1 54. h5 Re4+ 55. Kd5 Rb4 56. Ke6 Rb6+ 57. Kf7 Ke4 58.
Kg7 Rb7+ 59. Kh8 Rb8+ 60. Kh7 Rb7+ 61. Rg7 Rb6 62. h6 Kf5 63. g4+ Kf4 64. g5
Kf5 65. g6 Kg5 66. Ra7 Rc6 67. g7 1-0

[Event "Arandjelovac"]
[Site "Arandjelovac"]
[Date "1993.??.??"]
[Round "1"]
[White "Makarov, Marat"]
[Black "Velimirovic, Dragoljub"]
[Result "1-0"]
[WhiteElo "2515"]
[BlackElo "2510"]
[PlyCount "109"]
[EventDate "1993.04.??"]
[EventType "tourn"]
[EventRounds "13"]
[EventCountry "YUG"]
[EventCategory "9"]
[Source "ChessBase"]
[SourceDate "1994.03.01"]
[WhiteTeamCountry "YUG"]
[BlackTeamCountry "YUG"]

1. Nf3 c5 2. c4 g6 3. d4 Bg7 4. e4 cxd4 5. Nxd4 Nc6 6. Be3 Nf6 7. Nc3 Ng4 8.
Qxg4 Nxd4 9. Qd1 Ne6 10. Qd2 O-O 11. Be2 d6 12. O-O Nc5 13. f3 a5 14. Rad1 Be6
15. b3 Qb6 16. Nb5 Rfc8 17. Kh1 Qd8 18. Bd4 Qf8 19. Qe3 Bxd4 20. Rxd4 Bd7 21.
Nc3 e5 22. Rd2 Bc6 23. Rfd1 Rd8 24. Bd3 Qe7 25. Bc2 Rac8 26. a3 Ne6 27. b4 axb4
28. axb4 b6 29. Qxb6 Nd4 30. Rxd4 exd4 31. Qxd4 Qe5 32. Qxe5 dxe5 33. Bd3 Rd4
34. Kg1 Ra8 35. Bf1 Rxd1 36. Nxd1 Kf8 37. b5 Bd7 38. Ne3 Ra1 39. Kf2 Ra2+ 40.
Ke1 Rb2 41. Nd1 Ra2 42. c5 Ke7 43. Nc3 Rb2 44. Kd1 Kd8 45. Be2 Be6 46. Kc1 Rb4
47. b6 Kc8 48. Nd5 Ra4 49. c6 Kb8 50. Bd3 f5 51. Kc2 Bc8 52. Kb3 Rd4 53. Kc3
fxe4 54. Bxe4 Ba6 55. Ne7 1-0

[Event "Arandjelovac"]
[Site "Arandjelovac"]
[Date "1993.??.??"]
[Round "2"]
[White "Velimirovic, Dragoljub"]
[Black "Drozdov, Igor"]
[Result "1-0"]
[WhiteElo "2510"]
[BlackElo "2375"]
[PlyCount "53"]
[EventDate "1993.04.??"]
[EventType "tourn"]
[EventRounds "13"]
[EventCountry "YUG"]
[EventCategory "9"]
[Source "ChessBase"]
[SourceDate "1994.03.01"]
[WhiteTeamCountry "YUG"]
[BlackTeamCountry "YUG"]

1. e4 c5 2. Nf3 Nc6 3. d4 cxd4 4. Nxd4 g6 5. c4 Bg7 6. Be3 Nf6 7. Nc3 O-O 8.
Be2 d6 9. O-O Bd7 10. Kh1 a6 11. f4 Rc8 12. Nb3 b6 13. Rc1 Rb8 14. Bf3 Ne8 15.
Rf2 f5 16. exf5 gxf5 17. Rd2 Nc7 18. c5 bxc5 19. Nxc5 Be8 20. N5a4 Nb5 21. Nxb5
axb5 22. Nc5 Qb6 23. Qb3+ Bf7 24. Ne6 Na5 25. Qd3 Qa6 26. Nxg7 Kxg7 27. Bd4+
1-0

[Event "Arandjelovac"]
[Site "Arandjelovac"]
[Date "1993.??.??"]
[Round "3"]
[White "Cabrilo, Goran"]
[Black "Velimirovic, Dragoljub"]
[Result "1/2-1/2"]
[WhiteElo "2530"]
[BlackElo "2510"]
[PlyCount "80"]
[EventDate "1993.04.??"]
[EventType "tourn"]
[EventRounds "13"]
[EventCountry "YUG"]
[EventCategory "9"]
[Source "ChessBase"]
[SourceDate "1994.03.01"]
[WhiteTeamCountry "YUG"]
[BlackTeamCountry "YUG"]

1. e4 c5 2. Nf3 d6 3. d4 cxd4 4. Nxd4 Nf6 5. Nc3 g6 6. Be2 Bg7 7. O-O O-O 8.
Kh1 Nc6 9. Nb3 Be6 10. f4 Rc8 11. Bf3 Bc4 12. Rf2 e5 13. Be3 Bh6 14. Qd2 exf4
15. Bxf4 Bxf4 16. Qxf4 Ne5 17. Nd1 Nfd7 18. Ne3 Qf6 19. Qxf6 Nxf6 20. Rd1 Ne8
21. Nd4 a6 22. b3 Be6 23. c4 h5 24. h3 Nxf3 25. Rxf3 Rc5 26. Nd5 Bxd5 27. exd5
Nc7 28. Rf6 Ne8 29. Rf4 Nc7 30. Rdf1 f5 31. Re1 Re8 32. Rxe8+ Nxe8 33. g4 hxg4
34. hxg4 Ng7 35. gxf5 Nxf5 36. Nxf5 gxf5 37. Rxf5 b5 38. Rf4 bxc4 39. bxc4 Ra5
40. Rf2 Ra4 1/2-1/2

[Event "Arandjelovac"]
[Site "Arandjelovac"]
[Date "1993.??.??"]
[Round "4"]
[White "Velimirovic, Dragoljub"]
[Black "Jovanovic, Sasa D"]
[Result "1-0"]
[WhiteElo "2510"]
[BlackElo "2290"]
[PlyCount "45"]
[EventDate "1993.04.??"]
[EventType "tourn"]
[EventRounds "13"]
[EventCountry "YUG"]
[EventCategory "9"]
[Source "ChessBase"]
[SourceDate "1994.03.01"]
[WhiteTeamCountry "YUG"]
[BlackTeamCountry "YUG"]

1. e4 c5 2. Nf3 d6 3. d4 cxd4 4. Nxd4 Nf6 5. Nc3 Nc6 6. Bc4 Bd7 7. O-O g6 8.
Nxc6 bxc6 9. f4 Bg4 10. Qd3 Bg7 11. h3 Bc8 12. Be3 O-O 13. Rad1 Qa5 14. a3 Nxe4
15. Qxe4 d5 16. Bxd5 Bf5 17. Qc4 cxd5 18. Nxd5 e6 19. Ne7+ Kh8 20. Bd4 f6 21.
b4 Qxa3 22. Ra1 Qg3 23. Bf2 1-0

[Event "Arandjelovac"]
[Site "Arandjelovac"]
[Date "1993.??.??"]
[Round "5"]
[White "Ilincic, Zlatko"]
[Black "Velimirovic, Dragoljub"]
[Result "1/2-1/2"]
[WhiteElo "2470"]
[BlackElo "2510"]
[PlyCount "117"]
[EventDate "1993.04.??"]
[EventType "tourn"]
[EventRounds "13"]
[EventCountry "YUG"]
[EventCategory "9"]
[Source "ChessBase"]
[SourceDate "1994.03.01"]
[WhiteTeamCountry "YUG"]
[BlackTeamCountry "YUG"]

1. d4 c5 2. d5 Nf6 3. c4 g6 4. Nc3 Bg7 5. Nf3 d6 6. g3 O-O 7. Bg2 e6 8. O-O
exd5 9. cxd5 Nbd7 10. Nd2 Ne8 11. a4 a6 12. e4 Rb8 13. Qe2 Nc7 14. a5 b5 15.
axb6 Nxb6 16. f4 Re8 17. Qd3 f5 18. h3 Qf6 19. Kh2 Bd7 20. e5 dxe5 21. fxe5
Rxe5 22. Nf3 c4 23. Qd1 Rxd5 24. Nxd5 Nbxd5 25. Ng5 Rb5 26. Ra4 Rc5 27. Rxc4
Qc6 28. Rxc5 Qxc5 29. Qb3 h6 30. Qb8+ Bf8 31. Nf3 Kh7 32. Ne5 Bb5 33. Rd1 Bg7
34. Nf7 Qe7 35. Nxh6 f4 36. Qg8+ Kxh6 37. Rxd5 Nxd5 38. Qxd5 Kh7 39. Bxf4 Bxb2
40. Be4 Kg7 41. h4 Bf6 42. h5 Be8 43. Bd3 Bf7 44. Qa5 Qa7 45. Qe1 a5 46. Qe4
Qf2+ 47. Kh3 Qc5 48. g4 gxh5 49. Be3 Qd5 50. g5 Bc3 51. Qxd5 Bxd5 52. Bc2 Bc6
53. Kh4 Be8 54. Bf2 Bg6 55. Bd1 Kg8 56. Bxh5 Bxh5 57. Kxh5 a4 58. Bc5 Bg7 59.
Kg6 1/2-1/2

[Event "Arandjelovac"]
[Site "Arandjelovac"]
[Date "1993.??.??"]
[Round "6"]
[White "Zontakh, Andrey"]
[Black "Velimirovic, Dragoljub"]
[Result "1/2-1/2"]
[WhiteElo "2455"]
[BlackElo "2510"]
[PlyCount "55"]
[EventDate "1993.04.??"]
[EventType "tourn"]
[EventRounds "13"]
[EventCountry "YUG"]
[EventCategory "9"]
[Source "ChessBase"]
[SourceDate "1994.03.01"]
[WhiteTeamCountry "YUG"]
[BlackTeamCountry "YUG"]

1. e4 c5 2. Nf3 d6 3. d4 cxd4 4. Nxd4 Nf6 5. Nc3 g6 6. Be3 Bg7 7. f3 Nc6 8. Qd2
O-O 9. Bc4 Bd7 10. O-O-O Na5 11. Bb3 Nxb3+ 12. cxb3 Qb8 13. Bh6 Bxh6 14. Qxh6
b5 15. h4 b4 16. Nd5 Nxd5 17. exd5 Qb7 18. h5 Qxd5 19. hxg6 Rac8+ 20. Kb1 Bf5+
21. Ka1 Bxg6 22. g4 f5 23. Nxf5 Rxf5 24. Rxd5 Rxd5 25. f4 e6 26. f5 exf5 27.
gxf5 Rxf5 28. Rg1 1/2-1/2

[Event "Arandjelovac"]
[Site "Arandjelovac"]
[Date "1993.??.??"]
[Round "7"]
[White "Velimirovic, Dragoljub"]
[Black "Kovacevic, Aleksandar"]
[Result "1/2-1/2"]
[WhiteElo "2510"]
[BlackElo "2405"]
[PlyCount "21"]
[EventDate "1993.04.??"]
[EventType "tourn"]
[EventRounds "13"]
[EventCountry "YUG"]
[EventCategory "9"]
[Source "ChessBase"]
[SourceDate "1994.03.01"]
[WhiteTeamCountry "YUG"]
[BlackTeamCountry "YUG"]

1. e4 c5 2. Nf3 d6 3. d4 cxd4 4. Nxd4 Nf6 5. Nc3 g6 6. Be3 Bg7 7. Be2 O-O 8.
O-O Nc6 9. Qd2 Ng4 10. Bxg4 Bxg4 11. Nd5 1/2-1/2

[Event "Arandjelovac"]
[Site "Arandjelovac"]
[Date "1993.??.??"]
[Round "8"]
[White "Kosic, Dragan"]
[Black "Velimirovic, Dragoljub"]
[Result "0-1"]
[WhiteElo "2455"]
[BlackElo "2510"]
[PlyCount "122"]
[EventDate "1993.04.??"]
[EventType "tourn"]
[EventRounds "13"]
[EventCountry "YUG"]
[EventCategory "9"]
[Source "ChessBase"]
[SourceDate "1994.03.01"]
[WhiteTeamCountry "YUG"]
[BlackTeamCountry "YUG"]

1. d4 c5 2. c3 e6 3. Nf3 Nc6 4. e3 Nf6 5. Nbd2 d5 6. dxc5 Bxc5 7. b4 Bd6 8. a3
e5 9. c4 d4 10. c5 dxe3 11. fxe3 Bc7 12. Qc2 O-O 13. Bc4 Qe7 14. Ne4 Bf5 15.
Bd3 Bxe4 16. Bxe4 Nxe4 17. Qxe4 f5 18. Qc4+ Kh8 19. Qh4 Qxh4+ 20. Nxh4 e4 21.
O-O g6 22. Ra2 Rad8 23. b5 Ne5 24. Bb2 Rd3 25. g4 Rxe3 26. gxf5 Rh3 27. Rf4 Kg8
28. Bxe5 Bxe5 29. Rxe4 Bf6 30. Ng2 gxf5 31. Rc4 Be5 32. Ne1 Kf7 33. Rf2 Rg8+
34. Kf1 Rxh2 35. Rxf5+ Ke6 36. Rf3 Kd5 37. Rc2 Rxc2 38. Nxc2 Kxc5 39. Nb4 Bd4
40. Nc2 Bb2 41. Ke2 Rg2+ 42. Kd1 Rg7 43. a4 Rd7+ 44. Ke2 Kb6 45. Ne3 Bd4 46.
Nc4+ Kc5 47. Nd2 Bg7 48. Rf5+ Kd6 49. Ne4+ Ke6 50. Rh5 Bd4 51. Ng5+ Kf5 52.
Nxh7+ Kg4 53. Rh6 Rf7 54. Rg6+ Kf5 55. Rg5+ Kf4 56. Rd5 Be5 57. Ng5 Re7 58.
Nh3+ Ke4 59. Rd3 Bd4 60. Kd2 Rg7 61. Nf4 Rd7 0-1

[Event "Arandjelovac"]
[Site "Arandjelovac"]
[Date "1993.??.??"]
[Round "9"]
[White "Velimirovic, Dragoljub"]
[Black "Miladinovic, Igor"]
[Result "1/2-1/2"]
[WhiteElo "2510"]
[BlackElo "2440"]
[PlyCount "36"]
[EventDate "1993.04.??"]
[EventType "tourn"]
[EventRounds "13"]
[EventCountry "YUG"]
[EventCategory "9"]
[Source "ChessBase"]
[SourceDate "1994.03.01"]
[WhiteTeamCountry "YUG"]
[BlackTeamCountry "YUG"]

1. e4 c5 2. Nf3 e6 3. d4 cxd4 4. Nxd4 a6 5. c4 Nf6 6. Nc3 Qc7 7. a3 Nc6 8. Be3
b6 9. Nxc6 Qxc6 10. Be2 Bd6 11. e5 Bxe5 12. Bf3 Bxc3+ 13. bxc3 d5 14. Qd4 O-O
15. cxd5 exd5 16. c4 Be6 17. Rc1 Qa4 18. O-O Rac8 1/2-1/2

[Event "Arandjelovac"]
[Site "Arandjelovac"]
[Date "1993.??.??"]
[Round "10"]
[White "Tringov, Georgi"]
[Black "Velimirovic, Dragoljub"]
[Result "1/2-1/2"]
[WhiteElo "2420"]
[BlackElo "2510"]
[PlyCount "81"]
[EventDate "1993.04.??"]
[EventType "tourn"]
[EventRounds "13"]
[EventCountry "YUG"]
[EventCategory "9"]
[Source "ChessBase"]
[SourceDate "1994.03.01"]
[WhiteTeamCountry "YUG"]
[BlackTeamCountry "YUG"]

1. g3 c5 2. Bg2 Nc6 3. c4 g6 4. Nc3 Bg7 5. e3 d6 6. Nge2 Nf6 7. O-O O-O 8. d4
Bg4 9. h3 cxd4 10. exd4 Bxe2 11. Nxe2 d5 12. cxd5 Nxd5 13. Qb3 e6 14. Rd1 Qd7
15. Be3 Rac8 16. Rac1 Rfd8 17. Kh2 Nce7 18. Bg5 Rxc1 19. Rxc1 h6 20. Bxe7 Qxe7
21. Kg1 h5 22. h4 Nb6 23. a4 Nd5 24. a5 b6 25. axb6 Nxb6 26. Rd1 Rd6 27. Qb5
Bf6 28. Rd3 Nd5 29. Qc5 Rd7 30. Bxd5 Rxd5 31. Qxe7 Bxe7 32. Rb3 a5 33. Rb7 Bb4
34. Kg2 Kf8 35. Kf3 Be7 36. Ke3 Bf6 37. b4 axb4 38. Rxb4 Ra5 39. Rb8+ Kg7 40.
Rb3 Ra2 41. Nc3 1/2-1/2

[Event "Arandjelovac"]
[Site "Arandjelovac"]
[Date "1993.??.??"]
[Round "11"]
[White "Velimirovic, Dragoljub"]
[Black "Cvetkovic, Srdjan"]
[Result "1-0"]
[WhiteElo "2510"]
[BlackElo "2500"]
[PlyCount "59"]
[EventDate "1993.04.??"]
[EventType "tourn"]
[EventRounds "13"]
[EventCountry "YUG"]
[EventCategory "9"]
[Source "ChessBase"]
[SourceDate "1994.03.01"]
[WhiteTeamCountry "YUG"]
[BlackTeamCountry "YUG"]

1. e4 c5 2. Nf3 Nc6 3. d4 cxd4 4. Nxd4 Qc7 5. Nc3 e6 6. f4 a6 7. Nf3 Bb4 8. Bd3
Nf6 9. O-O b5 10. e5 Bxc3 11. bxc3 Nd5 12. Ng5 Nxc3 13. Qh5 g6 14. Qh6 Nb4 15.
Nxf7 Qc5+ 16. Kh1 Kxf7 17. f5 exf5 18. Bxf5 Ke8 19. Bxg6+ Kd8 20. Be3 Qc6 21.
Rf6 Bb7 22. Bb6+ Qxb6 23. Rxb6 Kc7 24. Bf5 Nc6 25. Rxb7+ Kxb7 26. Bxd7 Nxe5 27.
Qg7 Nxd7 28. Qxd7+ Kb8 29. Qd6+ Kb7 30. Rf1 1-0

[Event "Arandjelovac"]
[Site "Arandjelovac"]
[Date "1993.??.??"]
[Round "12"]
[White "Ivanov, Jordan"]
[Black "Velimirovic, Dragoljub"]
[Result "1-0"]
[WhiteElo "2420"]
[BlackElo "2510"]
[PlyCount "65"]
[EventDate "1993.04.??"]
[EventType "tourn"]
[EventRounds "13"]
[EventCountry "YUG"]
[EventCategory "9"]
[Source "ChessBase"]
[SourceDate "1994.03.01"]
[WhiteTeamCountry "YUG"]
[BlackTeamCountry "YUG"]

1. d4 c5 2. c3 e6 3. e4 d5 4. e5 Nc6 5. Nf3 Qb6 6. Be2 Nh6 7. b3 cxd4 8. cxd4
Nf5 9. Bb2 Bb4+ 10. Kf1 O-O 11. Nc3 Bxc3 12. Bxc3 f6 13. Qd2 fxe5 14. dxe5 Bd7
15. h4 a5 16. Rd1 Be8 17. g4 Nh6 18. Bd4 Nxd4 19. Nxd4 a4 20. h5 axb3 21. axb3
Nf7 22. Qe3 h6 23. Kg2 Ng5 24. f3 Bd7 25. Ra1 Qb4 26. Rxa8 Rxa8 27. Rc1 Ra2 28.
Qc3 Qb6 29. Kg3 Bc6 30. Bd3 Kf8 31. Bb1 Qc7 32. Bxa2 Qxe5+ 33. Kg2 1-0

[Event "Arandjelovac"]
[Site "Arandjelovac"]
[Date "1993.??.??"]
[Round "13"]
[White "Velimirovic, Dragoljub"]
[Black "Matulovic, Milan"]
[Result "1/2-1/2"]
[WhiteElo "2510"]
[BlackElo "2460"]
[PlyCount "101"]
[EventDate "1993.04.??"]
[EventType "tourn"]
[EventRounds "13"]
[EventCountry "YUG"]
[EventCategory "9"]
[Source "ChessBase"]
[SourceDate "1994.03.01"]
[WhiteTeamCountry "YUG"]
[BlackTeamCountry "YUG"]

1. e4 c5 2. Nf3 Nc6 3. d4 cxd4 4. Nxd4 Qc7 5. Nc3 e6 6. Be2 a6 7. O-O Nf6 8.
Kh1 Nxd4 9. Qxd4 Bc5 10. Bf4 Bxd4 11. Bxc7 Bxc3 12. bxc3 Nxe4 13. c4 d5 14.
cxd5 Nc3 15. Bf3 Nxd5 16. Bg3 b5 17. a4 b4 18. a5 Bb7 19. Rab1 Rc8 20. Rfc1 Bc6
21. Bxd5 Bxd5 22. Rxb4 O-O 23. c4 Rfd8 24. h4 Bc6 25. Kh2 f6 26. Rb6 e5 27. c5
Bb5 28. f4 exf4 29. Bxf4 Rd4 30. Kg3 Rc6 31. Rc3 h5 32. Be3 Rg4+ 33. Kh3 Ra4
34. Rb7 Rxa5 35. Bf4 Ra4 36. Bd6 Rg4 37. Re3 Bf1 38. Rg3 Rxg3+ 39. Kxg3 Bb5 40.
Kf4 Kh7 41. Rb8 Bf1 42. g3 a5 43. Ra8 Ra6 44. Rxa6 Bxa6 45. c6 Bb5 46. c7 Bd7
47. Ke4 g5 48. hxg5 fxg5 49. Ke5 h4 50. gxh4 gxh4 51. Kd4 1/2-1/2